000 00438nam a22001817a 4500
003 MPLRDC
005 20220104143626.0
008 210129b ||||| |||| 00| 0 eng d
020 _a7-5637-0340-3
082 _a307.9 MQZ
100 _a梅全正 编著
245 _a趣味数字万花筒
_c
250 _a一版一刷
260 _a
_b旅游教育
_c1992
300 _b
650 _a通俗科学读物
942 _cBK
_o307.9 MQZ
999 _c41757
_d41747